• 首页
  • 本馆介绍
  • 公告通知
  • 最新文献
  • 馆藏检索
  • 电子资源
  • 读者荐购
  • 参考咨询
  • CALIS
  • 我的图书馆
  • 登录
  • 详细信息显示
  • 放入我的书架
  • 预约/预借图书
  • 作者相关作品
  • 分类相关作品
  • 丛书相关作品
  • 出版社相关作品

书目信息

  • 表格格式
  • 工作单格式
  • 卡片格式
题名:
装配式混凝土建筑
    
 
作者: 任大鹏 , 刘莉 主编
分册:  
出版信息: 大连   大连理工大学出版社  2024.08
页数: 226页
开本: 26cm
丛书名: 土木工程类课程规划教材
单 册:
中图分类: TU37
科图分类:
主题词: 装配式混凝土结构--zhuang pei shi hun ning tu jie gou--建筑施工--高等教育--教材
电子资源:
ISBN: 978-7-5685-4680-5
 
 
 
 
 
000 01109nam 2200277 450
001 95138
005 20250901194608.64
010    @a978-7-5685-4680-5@dCNY99.00
100    @a20241031d2024 em y0chiy50 ea
101 0  @achi
102    @aCN@b210000
105    @aa z 000yy
106    @ar
200 1  @a装配式混凝土建筑@Azhuang pei shi hun ning tu jian zhu@f主编任大鹏, 刘莉
210    @a大连@c大连理工大学出版社@d2024.08
215    @a226页@c图@d26cm
225 2  @a土木工程类课程规划教材@Atu mu gong cheng lei ke cheng gui hua jiao cai
300    @a新世纪普通高等教育
330    @a本书主要基于我国装配式建筑的发展背景, 着眼于新时期我国建筑业转型升级、创新发展的要求, 主要内容包括装配整体式混凝土建筑概述、结构识图、建筑设计、结构设计、构件生产技术、构件安装与施工技术、项目管理、BIM技术应用等。
410  0 @12001 @a土木工程类课程规划教材
606 0  @a装配式混凝土结构@Azhuang pei shi hun ning tu jie gou@x建筑施工@x高等教育@j教材
690    @aTU37@v5
701  0 @a任大鹏@Aren da peng@4主编
701  0 @a刘莉@Aliu li@4主编
801  0 @aCN@c20250909
905    @a河南城建学院图书馆@dTU37@eR440@f1
    
    装配式混凝土建筑/主编任大鹏, 刘莉.-大连:大连理工大学出版社,2024.08
    226页:图;26cm.-(土木工程类课程规划教材)
    新世纪普通高等教育
    
    ISBN 978-7-5685-4680-5:CNY99.00
    本书主要基于我国装配式建筑的发展背景, 着眼于新时期我国建筑业转型升级、创新发展的要求, 主要内容包括装配整体式混凝土建筑概述、结构识图、建筑设计、结构设计、构件生产技术、构件安装与施工技术、项目管理、BIM技术应用等。
●
相关链接 在E读中查询图书 在当当中查询图书 在豆瓣中查询图书


正题名:装配式混凝土建筑     索取号:TU37/R440         预约/预借

序号 登录号 条形码 馆藏地/架位号 状态 备注
1 1629196   216291965   建筑库101/101建筑库 85排2列4层/ [索取号:TU37/R440] 在馆    
河南城建学院图书馆 欢迎您!
大连网信软件有限公司© 版权所有